Sports Quiz

Random Sports or Baseball Quiz

MLB Historical Cy Young Winners Quiz Stats

 Plays Quiz Updated Feb 11, 2020

Support Sporcle.
Go Orange.
Score 0/154 Timer 12:00
0 Plays Today
Year/League 'Cy Young Winner' % Correct
1892 - NL Cy Young
91.6%
1895 - NL Cy Young
91.6%
1901 - AL Cy Young
91.6%
1902 - AL Cy Young
91.6%
1903 - AL Cy Young
91.6%
1912 - AL Walter Johnson
84%
1913 - AL Walter Johnson
84%
1914 - AL Walter Johnson
84%
1915 - AL Walter Johnson
84%
1918 - ALWalter Johnson
84%
1924 - ALWalter Johnson
84%
1903 - NL Christy Mathewson
71.4%
1905 - NL Christy Mathewson
71.4%
1908 - NL Christy Mathewson
71.4%
1912 - NL Christy Mathewson
71.4%
1913 - NL Christy Mathewson
71.4%
1955 - ALWhitey Ford
66.1%
1939 - ALBob Feller
64.5%
1940 - ALBob Feller
64.5%
1941 - ALBob Feller
64.5%
1946 - ALBob Feller
64.5%
1947 - ALBob Feller
64.5%
1916 - AL Babe Ruth
63.7%
1928 - ALLefty Grove
58.6%
1929 - ALLefty Grove
58.6%
1930 - ALLefty Grove
58.6%
1931 - ALLefty Grove
58.6%
1932 - ALLefty Grove
58.6%
1933 - ALLefty Grove
58.6%
1911 - NL Pete Alexander
57.2%
1915 - NL Pete Alexander
57.2%
1916 - NL Pete Alexander
57.2%
1917 - NL Pete Alexander
57.2%
1920 - NLPete Alexander
57.2%
1947 - NLWarren Spahn
56.3%
1949 - NLWarren Spahn
56.3%
1953 - NLWarren Spahn
56.3%
1934 - NLDizzy Dean
55.4%
1935 - NLDizzy Dean
55.4%
1906 - NL Three Finger Brown
54.7%
1909 - NL Three Finger Brown
54.7%
1910 - NL Three Finger Brown
54.7%
1950 - NLRobin Roberts
45.9%
1952 - NLRobin Roberts
45.9%
1955 - NLRobin Roberts
45.9%
1934 - ALLefty Gomez
44.5%
1937 - ALLefty Gomez
44.5%
1933 - NLCarl Hubbell
40.2%
1936 - NLCarl Hubbell
40.2%
1944 - ALHal Newhouser
37.7%
1945 - ALHal Newhouser
37.7%
1948 - ALBob Lemon
34.4%
Year/League 'Cy Young Winner' % Correct
1950 - ALBob Lemon
34.4%
1924 - NLDazzy Vance
30.7%
1930 - NLDazzy Vance
30.7%
1954 - AL Early Wynn
30.5%
1938 - ALRed Ruffing
29.7%
1883 - NLOld Hoss Radbourn
29.6%
1884 - NLOld Hoss Radbourn
29.6%
1896 - NL Kid Nichols
29.1%
1897 - NL Kid Nichols
29.1%
1898 - NL Kid Nichols
29.1%
1905 - AL Rube Waddell
28.6%
1917 - AL Eddie Cicotte
28.2%
1919 - ALEddie Cicotte
28.2%
1948 - NLJohnny Sain
27.2%
1907 - AL Ed Walsh
27.1%
1908 - AL Ed Walsh
27.1%
1911 - AL Ed Walsh
27.1%
1904 - AL Jack Chesbro
26.5%
1888 - NL Tim Keefe
22.4%
1900 - NL Joe McGinnity
21.1%
1904 - NL Joe McGinnity
21.1%
1952 - ALAllie Reynolds
20.3%
1882 - AAWill White
20%
1883 - AAWill White
20%
1872 - NAAl Spalding
19.4%
1873 - NAAl Spalding
19.4%
1874 - NAAl Spalding
19.4%
1875 - NAAl Spalding
19.4%
1921 - NLBurleigh Grimes
18%
1922 - NLWilbur Cooper
17.3%
1942 - NLMort Cooper
17.3%
1943 - NLMort Cooper
17.3%
1951 - NLSal Maglie
17%
1925 - NLEppa Rixey
17%
1885 - NL John Clarkson
16.7%
1887 - NL John Clarkson
16.7%
1889 - NL John Clarkson
16.7%
1939 - NLBucky Walters
14.7%
1940 - NLBucky Walters
14.7%
1944 - NLBucky Walters
14.7%
1893 - NL Amos Rusie
14.4%
1894 - NL Amos Rusie
14.4%
1953 - ALBilly Pierce
14.3%
1925 - ALStan Coveleski
13.7%
1943 - ALSpud Chandler
13.1%
1921 - ALCarl Mays
12.9%
1899 - NL Vic Willis
12%
1902 - NL Vic Willis
12%
1879 - NLMonte Ward
11.3%
1927 - NLJesse Haines
11%
1949 - ALMel Parnell
10.4%
1951 - ALEddie Lopat
10.2%
Year/League 'Cy Young Winner' % Correct
1918 - NLHippo Vaughn
10.1%
1935 - ALWes Ferrell
9.6%
1938 - NLBill Lee
9.4%
1914 - NL Bill James
8.8%
1954 - NLJohnny Antonelli
8.6%
1888 - AA Silver King
8.5%
1890 - PL Silver King
8.5%
1923 - NLDolf Luque
7.8%
1927 - ALWilcy Moore
7.6%
1877 - NLTommy Bond
7.2%
1878 - NLTommy Bond
7.2%
1880 - NLJim McCormick
7.2%
1882 - NLJim McCormick
7.2%
1907 - NL Orval Overall
7.1%
1910 - AL Jack Coombs
6.9%
1936 - ALTommy Bridges
6.1%
1923 - ALGeorge Uhle
6.1%
1926 - ALGeorge Uhle
6.1%
1922 - ALBullet Joe Bush
5.9%
1909 - AL George Mullin
5.8%
1885 - AA Bob Caruthers
5.5%
1889 - AA Bob Caruthers
5.5%
1920 - ALJim Bagby
5.4%
1932 - NLLon Warneke
5.1%
1906 - AL Al Orth
4.7%
1941 - NLWhit Wyatt
4.5%
1942 - ALTex Hughson
4.3%
1881 - NLLarry Corcoran
4%
1946 - NLHowie Pollet
3.9%
1901 - NL Bill Donovan
3.8%
1929 - NLPat Malone
3.5%
1876 - NLGeorge Bradley
3.3%
1887 - AA Matt Kilroy
3.2%
1919 - NLJesse Barnes
3.2%
1890 - NL Bill Hutchinson
3.1%
1891 - NL Bill Hutchinson
3.1%
1926 - NLRay Kremer
2.9%
1931 - NLBill Hallahan
2.7%
1884 - AAGuy Hecker
2.6%
1914 - FL Claude Hendrix
2.6%
1886 - NL Lady Baldwin
2.5%
1871 - NAGeorge Zettlein
2.5%
1886 - AA Dave Foutz
2.4%
1945 - NLHank Wyse
2.1%
1884 - UA Bill Sweeney
2%
1937 - NLCliff Melton
2%
1928 - NLLarry Benton
1.8%
1915 - FL George McConnell
1.5%
1890 - AA Scott Stratton
1.4%
1891 - AA George Haddock
1.5%

You're not logged in!

Compare scores with friends on all Sporcle quizzes.
OR
Log In
Forgot?

From the Vault

Polish Movie Poster Extravaganza!

by JimmyJames

Movies 5m
We're not convinced that the people who designed these posters actually watched the movie.
Remove Ads.
Support Sporcle.
Get the best of Sporcle when you Go Orange. This ad-free experience offers more features, more stats, and more fun while also helping to support Sporcle. Thank you for becoming a member.

Show Comments

Extras

Top Quizzes Today


Score Distribution

Your Account Isn't Verified!

In order to create a playlist on Sporcle, you need to verify the email address you used during registration. Go to your Sporcle Settings to finish the process.

Report this User

Report this user for behavior that violates our Community Guidelines.

Details: